<?xml version="1.0" encoding="UTF-8"?>
<collection xmlns:xsi="http://www.w3.org/2001/XMLSchema-instance" xsi:schemaLocation="http://www.loc.gov/MARC21/slim http://www.loc.gov/standards/marcxml/schema/MARC21slim.xsd" xmlns="http://www.loc.gov/MARC21/slim">
 <record>
  <leader>00000cas a22000004a 4500</leader>
  <controlfield tag="001">UP-99796217608501205</controlfield>
  <controlfield tag="003">Buklod</controlfield>
  <controlfield tag="005">20080904090231.0</controlfield>
  <controlfield tag="006">a     r    |||| u|</controlfield>
  <controlfield tag="007">ta</controlfield>
  <controlfield tag="008">080904s1981    xx b   d | ||r |||||   ||</controlfield>
  <datafield tag="022" ind1=" " ind2=" ">
   <subfield code="a">0215-1618</subfield>
  </datafield>
  <datafield tag="035" ind1=" " ind2=" ">
   <subfield code="a">(iLib)UPD-00050694979</subfield>
  </datafield>
  <datafield tag="040" ind1=" " ind2=" ">
   <subfield code="a">DML</subfield>
   <subfield code="d">DLC</subfield>
  </datafield>
  <datafield tag="042" ind1=" " ind2=" ">
   <subfield code="a">DMLUC</subfield>
  </datafield>
  <datafield tag="245" ind1="0" ind2="0">
   <subfield code="a">ASEAN newsletter</subfield>
   <subfield code="c">Association of Southeast Asian Nations.</subfield>
  </datafield>
  <datafield tag="246" ind1="2" ind2="0">
   <subfield code="a">Association of Southeast Asian Nations newsletter</subfield>
  </datafield>
  <datafield tag="264" ind1=" " ind2="1">
   <subfield code="a">Jakarta, Indonesia</subfield>
   <subfield code="b">ASEAN Secretariat</subfield>
   <subfield code="c">c1981-1990.</subfield>
  </datafield>
  <datafield tag="300" ind1=" " ind2=" ">
   <subfield code="a">v.</subfield>
   <subfield code="b">ill.</subfield>
   <subfield code="c">28 cm.</subfield>
  </datafield>
  <datafield tag="310" ind1=" " ind2=" ">
   <subfield code="a">Bimonthly</subfield>
   <subfield code="b">1984-</subfield>
  </datafield>
  <datafield tag="321" ind1=" " ind2=" ">
   <subfield code="a">Monthly</subfield>
   <subfield code="b">1980-</subfield>
  </datafield>
  <datafield tag="362" ind1="0" ind2=" ">
   <subfield code="a">Vol. 1, no. 1 (Sept. 1980)-   ; no. 1 (Jan.-Feb. 1984)-no. 37 (Jan.-Feb. 1990).</subfield>
  </datafield>
  <datafield tag="500" ind1=" " ind2=" ">
   <subfield code="a">Title from cover.</subfield>
  </datafield>
  <datafield tag="610" ind1="2" ind2="0">
   <subfield code="a">ASEAN</subfield>
   <subfield code="v">Periodicals.</subfield>
  </datafield>
  <datafield tag="651" ind1=" " ind2="0">
   <subfield code="a">Southeast Asia</subfield>
   <subfield code="v">Periodicals.</subfield>
  </datafield>
  <datafield tag="655" ind1=" " ind2="0">
   <subfield code="a">Newsletters.</subfield>
  </datafield>
  <datafield tag="710" ind1="2" ind2=" ">
   <subfield code="a">ASEAN.</subfield>
   <subfield code="b">Secretariat.</subfield>
  </datafield>
  <datafield tag="780" ind1="0" ind2="0">
   <subfield code="t">ASEAN digest</subfield>
   <subfield code="w">(OCoLC)6258431</subfield>
   <subfield code="w">(DLC)sn 83010885.</subfield>
  </datafield>
  <datafield tag="850" ind1=" " ind2=" ">
   <subfield code="a">DAC</subfield>
  </datafield>
  <datafield tag="905" ind1=" " ind2=" ">
   <subfield code="a">FO</subfield>
  </datafield>
  <datafield tag="852" ind1="1" ind2=" ">
   <subfield code="a">UPD</subfield>
   <subfield code="b">DAC</subfield>
  </datafield>
  <datafield tag="852" ind1="1" ind2=" ">
   <subfield code="a">UPD</subfield>
   <subfield code="b">DECON</subfield>
  </datafield>
  <datafield tag="942" ind1=" " ind2=" ">
   <subfield code="a">Continuing Resource</subfield>
  </datafield>
 </record>
</collection>
